Радиоактивные элементы в скарноворудном процессе; Скарны, их генезис и рудоносность (Fe, Cu, Au, W, Sn ...)

Detaylı Bibliyografya
Parent link:Скарны, их генезис и рудоносность (Fe, Cu, Au, W, Sn ...).— 2005.— С. 199-206
Yazar: Рихванов Л. П. Леонид Петрович
Özet:В фонде НТБ ТПУ отсутствует
Dil:Rusça
Baskı/Yayın Bilgisi: 2005
Konular:
Materyal Türü: MixedMaterials Kitap Bölümü
KOHA link:https://koha.lib.tpu.ru/cgi-bin/koha/opac-detail.pl?biblionumber=597303

MARC

LEADER 00000naa0a2200000 4500
001 597303
005 20250205090938.0
035 |a (RuTPU)RU\TPU\tpu\20535 
035 |a RU\TPU\tpu\17229 
090 |a 597303 
100 |a 20120120d2005 k y0rusy50 ca 
101 0 |a rus 
102 |a RU 
200 1 |a Радиоактивные элементы в скарноворудном процессе  |f Л. П. Рихванов 
320 |a Библиогр.: с. 205-206 
333 |a В фонде НТБ ТПУ отсутствует 
463 |t Скарны, их генезис и рудоносность (Fe, Cu, Au, W, Sn ...)   |o  материалы международной научно-практической конференции (XI чтения памяти акад. А.Н. Заварницкого) (31 мая-2 июня 2005 г.)  |v С. 199-206  |d 2005 
610 1 |a труды учёных ТПУ 
700 1 |a Рихванов  |b Л. П.  |c российский ученый, геолог  |c профессор Томского политехнического университета, доктор геолого-минералогических наук  |c заслуженный геолог РФ  |c почетный работник высшего образования РФ  |f 1945-  |g Леонид Петрович  |3 (RuTPU)RU\TPU\pers\23187 
801 1 |a RU  |b 63413507  |c 20100301 
801 2 |a RU  |b 63413507  |c 20120120  |g RCR 
942 |c BK